Strategic human resource management / (Record no. 203242)
[ view plain ]
| 000 -LEADER | |
|---|---|
| fixed length control field | 00701nam a2200217Ia 4500 |
| 005 - DATE AND TIME OF LATEST TRANSACTION | |
| control field | 20220304153549.0 |
| 008 - FIXED-LENGTH DATA ELEMENTS--GENERAL INFORMATION | |
| fixed length control field | 210716s2008 xx 000 0 und d |
| 020 ## - INTERNATIONAL STANDARD BOOK NUMBER | |
| International Standard Book Number | 9788174465887 |
| 040 ## - CATALOGING SOURCE | |
| Transcribing agency | AIMIT LIBRARY |
| 041 ## - LANGUAGE CODE | |
| Language code of text/sound track or separate title | eng |
| 082 ## - DEWEY DECIMAL CLASSIFICATION NUMBER | |
| Classification number | 658.304 |
| Edition number | 1 |
| Item number | DHAR |
| 100 ## - MAIN ENTRY--PERSONAL NAME | |
| Personal name | Dhar, Rajib Lochan. |
| 9 (RLIN) | 22786 |
| 245 ## - TITLE STATEMENT | |
| Title | Strategic human resource management / |
| Statement of responsibility, etc. | By Rajib Lochan Dhar. |
| 250 ## - EDITION STATEMENT | |
| Edition statement | 1st ed. |
| 260 ## - PUBLICATION, DISTRIBUTION, ETC. | |
| Place of publication, distribution, etc. | New Delhi : |
| Name of publisher, distributor, etc. | Excel Books ; |
| Date of publication, distribution, etc. | 2008. |
| 300 ## - PHYSICAL DESCRIPTION | |
| Extent | x, 330p. ; |
| Dimensions | 23 .5 cm. |
| 650 ## - SUBJECT ADDED ENTRY--TOPICAL TERM | |
| Topical term or geographic name entry element | Introduction to strategic management |
| 9 (RLIN) | 22787 |
| 650 ## - SUBJECT ADDED ENTRY--TOPICAL TERM | |
| Topical term or geographic name entry element | Goal setting: a strategic path to success |
| 9 (RLIN) | 22788 |
| 650 ## - SUBJECT ADDED ENTRY--TOPICAL TERM | |
| Topical term or geographic name entry element | Retrenchment strategies |
| 9 (RLIN) | 22789 |
| 942 ## - ADDED ENTRY ELEMENTS (KOHA) | |
| Source of classification or shelving scheme | Dewey Decimal Classification |
| Koha item type | Book |
| Edition | 1st |
| Call number prefix | 658.304 DHAR |
| Withdrawn status | Lost status | Source of classification or shelving scheme | Damaged status | Not for loan | Collection code | Home library | Current library | Date acquired | Cost, normal purchase price | Inventory number | Total Checkouts | Full call number | Barcode | Date last seen | Cost, replacement price | Price effective from | Koha item type | Date last checked out |
|---|---|---|---|---|---|---|---|---|---|---|---|---|---|---|---|---|---|---|
| Dewey Decimal Classification | MBA | St Aloysius Institute of Management & Information Technology | St Aloysius Institute of Management & Information Technology | 02/16/2009 | 275.00 | Bill no:8445; Bill dt:2009-02-12 | 658.304 DHAR | MBA05808 | 05/23/2026 | 206.25 | 07/16/2021 | Book | ||||||
| Dewey Decimal Classification | MBA | St Aloysius Institute of Management & Information Technology | St Aloysius Institute of Management & Information Technology | 02/11/2010 | 275.00 | Bill no:6817; Bill dt:2010-02-02 | 658.304 DHAR | MBA07445 | 05/23/2026 | 206.25 | 07/16/2021 | Book | ||||||
| Dewey Decimal Classification | MBA | St Aloysius Institute of Management & Information Technology | St Aloysius Institute of Management & Information Technology | 02/11/2010 | 275.00 | Bill no:6817; Bill dt:2010-02-02 | 658.304 DHAR | MBA07446 | 05/23/2026 | 206.25 | 07/16/2021 | Book | ||||||
| Dewey Decimal Classification | MBA | St Aloysius Institute of Management & Information Technology | St Aloysius Institute of Management & Information Technology | 02/11/2010 | 275.00 | Bill no:6817; Bill dt:2010-02-02 | 658.304 DHAR | MBA07447 | 05/23/2026 | 206.25 | 07/16/2021 | Book | ||||||
| Dewey Decimal Classification | MBA | St Aloysius Institute of Management & Information Technology | St Aloysius Institute of Management & Information Technology | 02/11/2010 | 275.00 | Bill no:6817; Bill dt:2010-02-02 | 658.304 DHAR | MBA07448 | 05/23/2026 | 206.25 | 07/16/2021 | Book | ||||||
| Dewey Decimal Classification | MBA | St Aloysius Institute of Management & Information Technology | St Aloysius Institute of Management & Information Technology | 02/11/2010 | 275.00 | Bill no:6817; Bill dt:2010-02-02 | 1 | 658.304 DHAR | MBA07449 | 05/23/2026 | 206.25 | 07/16/2021 | Book | 01/29/2024 |